[Event "Winter Chess Classic-B 2019"]
[Site "Saint Louis"]
[Date "2019.11.15"]
[Round "6.5"]
[White "Moradiabadi, Elshan"]
[Black "Wang, Justin"]
[Result "1-0"]
[WhiteElo "2552"]
[BlackElo "2459"]
[Annotator "TA"]
[PlyCount "115"]
[EventDate "2019.11.10"]
[EventType "tourn"]
[EventCountry "USA"]
[SourceTitle "playchess.com"]
[Source "ChessBase"]
[SourceQuality "1"]

{[%evp 12,115,10,11,27,10,10,18,14,4,15,0,0,5,8,0,11,0,28,0,11,15,16,15,83,72,66,49,67,26,81,66,75,74,110,110,104,82,85,68,93,0,91,86,85,89,84,83,70,82,86,98,96,97,96,92,98,68,125,81,89,92,99,96,124,125,135,135,209,202,249,251,275,265,602,602,710,681,992,993,910,758,983,588,1188,1134,1253,1217,1912,1833,1811,1710,5077,3706,6133,5940,4408,4008,3703,2576,29974,29974,29976,29977,29954,5122]} 1. c4 Nf6 2. Nf3 e6 3. Nc3 Bb4 4. g3 O-O 5. Bg2 d5 6. a3 Be7 7. d4 Nc6 {A17: English Opening: 1...Nf6 with ...Bb4} 8. Ne5 dxc4 9. Bxc6 bxc6 {The position is equal.} 10. Nxc6 Qe8 11. Nxe7+ Qxe7 12. Qa4 c5 13. dxc5 Qxc5 14. Be3 {[#]} Qh5 $146 ({Predecessor:} 14... Qc7 15. Rd1 Nd5 16. Bd4 {1-0 (88) Carlsen,M (2842)-Karjakin,S (2773) Saint Louis 2018}) 15. Qxc4 Bb7 16. O-O Ng4 {[%csl Gg4][%cal Rh5h2]} 17. h4 Qg6 (17... Nxe3 $11 {keeps the balance.} 18. fxe3 Rac8) 18. Bc5 Rfc8 {White should prevent ...Ne3!} 19. Qb4 $36 {[%mdl 2048] White is pushing.} Bc6 20. Qf4 h6 (20... e5 $11 {remains equal.} 21. Qd2 h6) 21. f3 Nf6 $1 22. Bf2 Qc2 23. Bd4 Nd7 24. Rac1 Qb3 25. Nb1 Bb5 26. Nc3 Bc6 $1 27. Rfd1 e5 28. Bxe5 Nxe5 29. Qxe5 Qxb2 30. Qa5 $1 Be8 {And now ...Rc4 would win.} 31. Qb4 $1 {[%cal Rb4b2]} Rab8 {[#]} 32. Qxb2 $1 Rxb2 33. Kf2 Kh7 34. Ne4 Ba4 (34... Rxc1 $14 35. Rxc1 Bb5) 35. Rb1 ({Don't play} 35. Rxc8 $6 Bxd1 36. Nc3 Rc2 $14) 35... Ra2 36. Ra1 Rxa1 37. Rxa1 $16 {[%mdl 4096] Endgame KRB-KRN} Rc2 38. Rb1 Bc6 39. Nd6 Bd5 {[#]} (39... f6 $16 40. Rb8 Rd2) 40. Rb5 $1 $18 {[%cal Rb5d5]} Ba2 41. Rb7 Rc6 42. Nxf7 Bxf7 $2 (42... Ra6 43. e4 Bxf7) 43. Rxf7 {KR-KR} Ra6 44. h5 Rxa3 45. e4 Kg8 46. Rb7 a5 47. Ra7 Ra1 48. Ke3 a4 49. Kf4 a3 50. Kf5 Kh7 51. e5 a2 52. f4 Kg8 53. Kg6 {[%cal Ra7a8]} Kf8 54. Ra8+ Ke7 55. Kxg7 Rg1 56. Rxa2 {White mates.} Rxg3+ 57. Kxh6 Ke6 58. Ra6+ {Accuracy: White = 74%, Black = 29%.} 1-0

[Event "Winter Chess Classic-B 2019"]
[Site "Saint Louis"]
[Date "2019.11.16"]
[Round "7.1"]
[White "Wang, Justin"]
[Black "Erenburg, Sergey"]
[Result "1/2-1/2"]
[WhiteElo "2459"]
[BlackElo "2581"]
[Annotator "TA"]
[PlyCount "92"]
[EventDate "2019.11.10"]
[EventType "tourn"]
[EventCountry "USA"]
[SourceTitle "playchess.com"]
[Source "ChessBase"]
[SourceQuality "1"]

{[%evp 9,92,6,6,6,5,5,8,5,11,5,6,6,7,0,0,-11,0,0,0,-8,-8,-6,-14,-27,-30,-30,-29,-21,-14,-17,-3,-15,0,-6,0,0,0,0,0,0,0,0,0,0,0,0,0,0,0,0,0,0,0,0,0,0,0,0,0,0,0,0,0,0,0,0,0,0,0,0,0,0,0,0,0,0,0,0,0,0,0,0,0,0,0]} 1. e4 c6 2. d4 d5 3. e5 Bf5 4. h4 Qc7 5. Nc3 h5 6. Bd3 {B12: Caro-Kann: Advance Variation} Bxd3 7. Qxd3 {Hoping for e6.} e6 8. Nf3 a6 9. Ne2 c5 10. c3 Nc6 11. a3 $146 ({Predecessor:} 11. O-O Nh6 12. Bxh6 Rxh6 {0-1 (62) Samant,A (2342)-Turov,M (2579) Taleigao 2019}) 11... Nge7 12. Bd2 Qb6 13. O-O cxd4 14. cxd4 Nf5 15. Bg5 Be7 16. g3 Bxg5 17. hxg5 g6 18. Kg2 Kf8 {The position is equal.} 19. Rfc1 Kg7 20. b4 {[%cal Bb2b4,Bb4b5][%mdl 32]} Rac8 21. Rc5 a5 22. b5 Na7 23. Rac1 Rxc5 24. Rxc5 Rc8 25. Rxc8 Nxc8 26. a4 Qc7 27. Qc3 Qxc3 28. Nxc3 $11 {[%mdl 4096] Endgame KNN-KNN} Nb6 29. Kf1 Nc4 30. Ke2 Kf8 31. Kd3 Ke8 32. Kc2 Kd7 33. Kb3 Ne7 34. Ne2 Nc8 35. Nf4 Ne7 36. Nd3 Kc7 37. Nc5 Nf5 38. Kc3 Nb6 39. Kb3 Nc8 40. Kc3 Nfe7 41. Kb3 Nb6 42. Kc3 Nf5 43. Kb3 Nc4 44. Nd3 Kb6 45. Nb2 Nxb2 46. Kxb2 Kc7 {Accuracy: White = 73%, Black = 82%.} 1/2-1/2

[Event "Winter Chess Classic-B 2019"]
[Site "Saint Louis"]
[Date "2019.11.16"]
[Round "7.2"]
[White "Cordova, Emilio"]
[Black "Moradiabadi, Elshan"]
[Result "1-0"]
[WhiteElo "2570"]
[BlackElo "2552"]
[Annotator "TA"]
[PlyCount "85"]
[EventDate "2019.11.10"]
[EventType "tourn"]
[EventCountry "USA"]
[SourceTitle "playchess.com"]
[Source "ChessBase"]
[SourceQuality "1"]

{[%evp 9,85,16,5,6,17,14,2,7,10,0,33,15,13,22,13,-9,0,-20,15,15,13,0,0,0,7,0,3,0,22,17,35,24,19,18,42,0,14,7,7,13,4,12,22,8,8,10,10,10,10,6,6,6,6,0,8,6,42,38,53,38,44,36,81,69,104,92,95,88,85,88,85,85,85,66,106,94,722,719]} 1. Nf3 g6 2. g3 Bg7 3. d4 c5 4. c3 Na6 (4... b6 5. Bg2 Bb7 6. O-O Nf6 7. Bg5 O-O 8. Nbd2 h6 9. Bxf6 Bxf6 10. e3 h5 11. Ne1 d5 12. Nd3 Nc6 13. f4 Ba6 14. Nf3 e6 {1-0 (46) Banusz,T (2612)-Gledura,B (2621) Budapest 2018}) 5. Bg2 Nf6 6. O-O {A40: Unusual replies to 1 d4} d5 7. Bf4 O-O 8. Be5 {The position is equal.} Bf5 9. Nbd2 Qc8 $146 ({Predecessor:} 9... Qd7 10. Re1 Rfd8 11. a3 Rac8 12. e3 c4 13. Bxf6 exf6 14. e4 dxe4 15. Nxe4 Bxe4 16. Rxe4 {½-½ (54) Mueller,M (2223)-Gutman,L (2448) Muehlhausen 2007}) 10. Re1 Rd8 11. Rc1 Qd7 12. Qb3 Rac8 13. Qa3 Ne4 14. Bxg7 Kxg7 15. Ne5 Qe6 16. Nf1 {With the idea g4!} Bh3 17. Bxh3 Qxh3 18. b4 f6 19. Nd3 {[%cal Rb4c5]} cxb4 $1 20. cxb4 {[#] Threatens to win with b5.} Qd7 21. Ne3 e6 22. Nc5 Naxc5 23. bxc5 b6 24. f3 Ng5 25. cxb6 axb6 26. Qb4 b5 27. Rxc8 Rxc8 28. Rb1 Ra8 29. Qxb5 Qxb5 30. Rxb5 Rxa2 $11 {[%mdl 4096] Endgame KRN-KRN} 31. Rb7+ Nf7 32. Kf2 Ra6 33. Nc2 g5 34. Nb4 Rd6 $1 35. Nd3 Kg6 36. h4 h5 37. Rc7 Rb6 38. Nc5 gxh4 39. gxh4 e5 40. Nd3 exd4 41. Nf4+ Kf5 42. Kg3 {[%mdl 1024] White has strong compensation.} ({Not} 42. Rxf7 Kxf4 43. Rd7 Rb5 $17) 42... Ne5 $2 {[%mdl 8192] [#]} (42... Rb8 $16) 43. Rh7 $1 {Accuracy: White = 59%, Black = 47%.} 1-0

[Event "Winter Chess Classic-B 2019"]
[Site "Saint Louis"]
[Date "2019.11.16"]
[Round "7.3"]
[White "Sorokin, Aleksey"]
[Black "Azarov, Sergei"]
[Result "1/2-1/2"]
[WhiteElo "2513"]
[BlackElo "2586"]
[Annotator "TA"]
[PlyCount "61"]
[EventDate "2019.11.10"]
[EventType "tourn"]
[EventCountry "USA"]
[SourceTitle "playchess.com"]
[Source "ChessBase"]
[SourceQuality "1"]

{[%evp 13,61,12,20,18,18,7,10,16,31,11,11,4,14,8,6,0,0,0,18,17,12,9,9,9,9,8,9,13,10,10,9,8,22,14,14,14,14,12,12,12,12,12,18,11,11,11,11,11,11,0]} 1. d4 Nf6 2. c4 e6 3. Nf3 d5 4. Nc3 Be7 5. Bf4 O-O 6. e3 b6 7. Rc1 Bb7 8. cxd5 {D37: Queen's Gambit Declined: 5 Bf4} Nxd5 9. Nxd5 Qxd5 10. a3 c5 11. dxc5 (11. Bc4 Qd8 12. O-O Bf6 13. dxc5 Bxb2 14. Rb1 Qxd1 15. Rfxd1 Bxa3 {½-½ (29) Nakamura,H (2743)-So,W (2776) Saint Louis 2019}) 11... Qxd1+ {The position is equal.} 12. Rxd1 Bxc5 13. Bb5 $146 ({Predecessor:} 13. Bd3 Nc6 {1-0 (43) Sarkar,J (2437)-Wang,P (2390) Los Angeles 2013}) 13... a6 14. Bd3 Be7 15. Rc1 {[#] Hoping for Rc7.} Nd7 {[%cal Bb8d7,Bd7c5,Bc5d3][%mdl 32]} 16. Rc7 Nc5 17. Bxh7+ $1 Kxh7 18. Rxe7 Bxf3 19. gxf3 Nd3+ 20. Ke2 Nxf4+ 21. exf4 $11 {[%mdl 4096] Endgame KRR-KRR} Rac8 22. Rd1 Rc5 23. Rb7 Rb5 24. b4 a5 25. Rd4 axb4 $1 26. Rxb4 Ra5 27. a4 g6 28. R4xb6 Rxa4 29. Rxe6 Rxf4 30. Re4 Rf5 31. Rbb4 {Accuracy: White = 76%, Black = 84%.} 1/2-1/2

[Event "Winter Chess Classic-B 2019"]
[Site "Saint Louis"]
[Date "2019.11.16"]
[Round "7.4"]
[White "Yoo, Christopher Woojin"]
[Black "Khachiyan, Melikset"]
[Result "1/2-1/2"]
[WhiteElo "2449"]
[BlackElo "2493"]
[Annotator "TA"]
[PlyCount "55"]
[EventDate "2019.11.10"]
[EventType "tourn"]
[EventCountry "USA"]
[SourceTitle "playchess.com"]
[Source "ChessBase"]
[SourceQuality "1"]

{[%evp 17,55,0,0,0,21,0,8,0,0,0,22,0,48,56,53,50,43,39,34,46,39,-5,-5,-5,-5,-5,-2,-7,-2,-2,0,-12,0,0,0,-5,0,0,0,0]} 1. e4 e5 2. Nf3 Nc6 3. Bc4 Bc5 4. c3 Nf6 5. d4 exd4 6. e5 d5 7. Bb5 Ne4 8. cxd4 Bb6 9. Nc3 O-O 10. Be3 {C54: Giuoco Piano: 4 c3 Nf6, main lines with 5 d4 and 5 d3} f5 (10... Bg4 11. h3 Bh5 12. Qc2 Nxc3 13. bxc3 f6 14. exf6 Qxf6 15. Be2 Na5 16. O-O Bxf3 17. Bxf3 c6 {½-½ (39) Dominguez Perez,L (2763)-Grischuk,A (2759) Khanty-Mansiysk 2019}) 11. exf6 (11. g3 {with more complications.} Ba5 12. Rc1 g5 13. h4 f4 14. gxf4 gxf4 15. Bd2) 11... Nxc3 12. bxc3 {Hoping for fxg7.} Qxf6 13. O-O h6 $146 ({Predecessor:} 13... Bg4 14. Be2 Rae8 15. a4 h6 16. h3 Bh5 17. Re1 Kh8 {1-0 (43) Wan,Y (2531)-Garcia,J (2413) Xingtai 2019}) 14. Be2 Ne7 15. Ne5 c6 16. Bd3 Bf5 17. f4 Bxd3 18. Qxd3 Qf5 19. g4 (19. Qd2 {looks sharper.} Ng6 20. Rae1 Nxe5 21. dxe5 g6 22. h3) 19... Qxd3 {The position is equal.} 20. Nxd3 Rae8 21. Rf3 Nc8 22. f5 Nd6 23. Ne5 Ne4 24. Rc1 Ng5 25. Rg3 Ne4 26. Rf3 Ng5 27. Rg3 Ne4 28. Rf3 {Accuracy: White = 64%, Black = 54%.} 1/2-1/2

[Event "Winter Chess Classic-B 2019"]
[Site "Saint Louis"]
[Date "2019.11.16"]
[Round "7.5"]
[White "Perez Ponsa, Federico"]
[Black "Harutyunian, Tigran K."]
[Result "1-0"]
[WhiteElo "2560"]
[BlackElo "2542"]
[Annotator "TA"]
[PlyCount "85"]
[EventDate "2019.11.10"]
[EventType "tourn"]
[EventCountry "USA"]
[SourceTitle "playchess.com"]
[Source "ChessBase"]
[SourceQuality "1"]

{[%evp 12,85,49,29,34,35,34,2,10,16,15,18,133,135,107,126,139,85,83,81,102,58,66,48,50,17,28,34,26,12,13,22,0,0,0,0,0,-5,-18,-68,0,0,0,-13,-8,0,0,0,0,0,0,0,0,0,0,0,0,0,32,0,89,98,192,190,465,458,537,532,1353,1301,1250,1055,2259,2144,29975,29976]} 1. e4 e5 2. Nf3 Nc6 3. Bb5 a6 4. Ba4 Nf6 5. O-O Bc5 6. c3 b5 7. Bc2 d5 {C78: Ruy Lopez: Archangelsk and Möller Defences} 8. d4 dxe4 {[%cal Re5d4]} 9. Nbd2 exf3 {The position is equal.} 10. Qxf3 {[#]} Bxd4 $146 {And now ...Nd5 would win.} ({Predecessor:} 10... Be7 11. Qxc6+ Bd7 12. Qf3 exd4 13. Ne4 O-O 14. Rd1 Re8 15. Rxd4 {1-0 (60) Vachier Lagrave,M (2785)-Jones,G (2625) Caleta 2016}) 11. cxd4 Bd7 (11... Nd5 $1 $11) 12. dxe5 $1 $16 Nd4 13. Qd1 $1 Nxc2 14. Qxc2 ({Better is} 14. exf6 Nxa1 15. fxg7) 14... Nd5 15. Ne4 {Strongly threatening Bg5.} O-O 16. Bg5 (16. Ng5 {seems wilder.} g6 17. Qc5 Bf5 18. Rd1 c6 19. Qxc6 Nb4 20. Qf3) 16... Qe8 17. Nc5 Be6 18. Rfe1 Qc6 19. Rac1 Nb4 20. Qd2 Nxa2 21. Nxe6 Qxe6 22. Rxc7 h6 23. Be7 (23. Bh4 {is interesting.} g5 24. Bg3 Rad8 25. Qa5 Rd4 26. h3) 23... Rfc8 24. Rxc8+ Rxc8 25. Bd6 Qc4 (25... Qf5 $15 26. Qe3 Rc2) 26. h3 Nc1 27. b4 Nd3 28. Ra1 Qe4 29. Qe3 Qxe3 30. fxe3 $11 {[%mdl 4096] Endgame KRB-KRN} Rc6 31. Rd1 $1 {[%cal Rd1d3]} Nb2 32. Rd5 $1 Rc1+ 33. Kf2 Nc4 34. Bc5 Kh7 35. g4 Kg6 {[#]} (35... Rc2+ $11 {keeps the balance.} 36. Kg3 Nd2) 36. Bd4 $1 $16 Rc2+ {[#]} (36... Nd2 $16) 37. Kg3 $1 $18 Rd2 $2 (37... Re2 {might work better.} 38. Rd6+ f6) 38. Rd7 ({Weaker is} 38. Rd6+ Kh7 $18) 38... Rd3 {[#]} 39. e6 $1 {[%mdl 512]} f6 (39... fxe6 40. Rxg7#) 40. Kf2 Rd2+ 41. Ke1 Rd3 42. Rd8 Nxe3 43. e7 {Accuracy: White = 64%, Black = 43%.} 1-0

[Event "Winter Chess Classic-B 2019"]
[Site "Saint Louis"]
[Date "2019.11.17"]
[Round "8.1"]
[White "Erenburg, Sergey"]
[Black "Harutyunian, Tigran K."]
[Result "1/2-1/2"]
[WhiteElo "2581"]
[BlackElo "2542"]
[Annotator "RC"]
[PlyCount "149"]
[EventDate "2019.11.10"]
[EventType "tourn"]
[EventCountry "USA"]
[SourceTitle "playchess.com"]
[Source "ChessBase"]
[SourceQuality "1"]
[TimeControl "40/5400+30:1800+30"]

1. e4 {[%emt 0:00:00]} e5 {[%emt 0:00:00]} 2. Nf3 {[%emt 0:00:00]} Nc6 {[%emt 0:00:05]} 3. Bb5 {[%emt 0:00:00]} Nf6 {[%emt 0:00:22]} 4. d3 {[%emt 0:00:00]} Bc5 {[%emt 0:00:42]} 5. c3 {[%emt 0:00:00]} O-O {[%emt 0:00:59]} 6. O-O {[%emt 0:00:15]} Re8 {[%emt 0:02:34]} 7. Nbd2 {[%emt 0:01:29]} a6 {[%emt 0:02:21]} 8. Bxc6 {[%emt 0:01:04]} dxc6 {[%emt 0:00:34]} 9. Nc4 {[%emt 0:00:10]} Nd7 {[%emt 0:03:09]} 10. Re1 {[%emt 0:05:45]} b5 {[%emt 0:09:49]} 11. Ncxe5 {[%emt 0:16:00]} Nxe5 {[%emt 0:06:14]} 12. Nxe5 {[%emt 0:00:19]} Bxf2+ {[%emt 0:00:26]} 13. Kxf2 {[%emt 0:00:09]} Rxe5 {[%emt 0:00:06]} 14. Bf4 {[%emt 0:00:53]} Re6 {[%emt 0:04:21]} 15. Kg1 {[%emt 0:08:00]} c5 {[%emt 0:02:05]} 16. Qh5 {[%emt 0:03:29]} Qe7 {[%emt 0:04:27]} 17. a4 {[%emt 0:01:24]} Rb8 {[%emt 0:06:36]} 18. axb5 {[%emt 0:03:29]} Rxb5 {[%emt 0:06:50]} 19. Qe2 {[%emt 0:01:29]} c4 {[%emt 0:01:58]} 20. dxc4 {[%emt 0:02:24]} Rb3 {[%emt 0:01:01]} 21. Rad1 {[%emt 0:11:32]} h6 {[%emt 0:06:15]} 22. Qc2 {[%emt 0:21:31]} Reb6 {[%emt 0:01:52]} 23. Qd3 {[%emt 0:04:24]} Be6 {[%emt 0:01:18]} 24. Qd8+ {[%emt 0:08:22]} Qxd8 {[%emt 0:00:53]} 25. Rxd8+ {[%emt 0:00:01]} Kh7 {[%emt 0:00:11]} 26. Bxc7 {[%emt 0:04:32]} Rb7 {[%emt 0:04:02]} 27. Bf4 {[%emt 0:03:16]} Rxb2 {[%emt 0:09:27]} 28. c5 {[%emt 0:00:01]} Rc2 {[%emt 0:01:32]} 29. c6 {[%emt 0:00:48]} Rb3 {[%emt 0:00:48]} 30. c7 {[%emt 0:02:06]} Rbxc3 {[%emt 0:00:39]} 31. Red1 {[%emt 0:01:22]} Re2 {[%emt 0:01:53]} 32. R8d3 {[%emt 0:01:10]} Rxd3 {[%emt 0:01:59]} 33. Rxd3 {[%emt 0:00:01]} Rxe4 {[%emt 0:00:09]} 34. Rd6 {[%emt 0:00:58]} Rxf4 {[%emt 0:05:07]} 35. Rxe6 {[%emt 0:00:03]} Rc4 {[%emt 0:00:18]} 36. Rxa6 {[%emt 0:00:06]} Rxc7 {[%emt 0:00:06]} 37. Ra4 {[%emt 0:00:25]} g5 {[%emt 0:00:21]} 38. h4 {[%emt 0:00:21]} Kg6 {[%emt 0:01:10]} 39. hxg5 {[%emt 0:00:02]} hxg5 {[%emt 0:00:09]} 40. Kf2 {[%emt 0:00:00]} Kh5 {[%emt 0:00:00]} 41. Rb4 {[%emt 0:03:08]} Rc2+ {[%emt 0:02:00]} 42. Kf3 {[%emt 0:07:02]} Ra2 {[%emt 0:04:42]} 43. Rc4 {[%emt 0:00:13]} f6 {[%emt 0:01:46]} 44. Rb4 {[%emt 0:01:09]} g4+ {[%emt 0:00:13]} 45. Kg3 {[%emt 0:00:28]} Ra3+ {[%emt 0:01:10]} 46. Kh2 {[%emt 0:08:12]} Kh4 {[%emt 0:00:50]} 47. Rf4 {[%emt 0:00:41]} Kg5 {[%emt 0:00:43]} 48. g3 {[%emt 0:02:31]} Ra2+ {[%emt 0:00:22]} 49. Kg1 {[%emt 0:00:01]} f5 {[%emt 0:00:14]} 50. Kf1 {[%emt 0:01:08]} Kf6 {[%emt 0:00:23]} 51. Kg1 {[%emt 0:01:06]} Ke5 {[%emt 0:00:08]} 52. Rf1 {[%emt 0:01:08]} Rd2 {[%emt 0:00:22]} 53. Re1+ {[%emt 0:00:43]} Kd4 {[%emt 0:00:43]} 54. Rf1 Ke4 {[%emt 0:00:33]} 55. Rf4+ {[%emt 0:00:19]} Ke5 {[%emt 0:00:05]} 56. Rf1 {[%emt 0:00:15]} Ra2 {[%emt 0:01:27]} 57. Rf4 {[%emt 0:00:15]} Ra5 {[%emt 0:00:05]} 58. Kg2 {[%emt 0:00:12]} Rb5 {[%emt 0:00:29]} 59. Kg1 {[%emt 0:00:17]} Rd5 {[%emt 0:00:10]} 60. Kg2 {[%emt 0:00:13]} Rd2+ {[%emt 0:01:13]} 61. Kg1 {[%emt 0:00:18]} Re2 {[%emt 0:00:43]} 62. Kf1 {[%emt 0:00:51]} Re3 {[%emt 0:00:09]} 63. Kg2 {[%emt 0:00:05]} Ke6 {[%emt 0:00:05]} 64. Rf2 {[%emt 0:00:18]} Re5 {[%emt 0:00:08]} 65. Kf1 {[%emt 0:00:52]} Ra5 {[%emt 0:00:39]} 66. Kg2 {[%emt 0:00:12]} Ke5 {[%emt 0:00:06]} 67. Rf4 {[%emt 0:00:08]} Ra2+ {[%emt 0:00:04]} 68. Kg1 {[%emt 0:00:18]} Rd2 {[%emt 0:00:05]} 69. Kf1 {[%emt 0:00:20]} Rd4 {[%emt 0:00:14]} 70. Rf2 {[%emt 0:00:11]} Ke4 {[%emt 0:00:07]} 71. Rf4+ {[%emt 0:00:06]} Ke3 {[%emt 0:00:11]} 72. Rxf5 {[%emt 0:00:17]} Rd1+ {[%emt 0:00:03]} 73. Kg2 {[%emt 0:00:07]} Rd2+ {[%emt 0:00:03]} 74. Kg1 {[%emt 0:00:11]} Rd1+ {[%emt 0:00:03]} 75. Kg2 {[%emt 0:00:07]} 1/2-1/2

[Event "Winter Chess Classic-B 2019"]
[Site "Saint Louis"]
[Date "2019.11.17"]
[Round "8.2"]
[White "Khachiyan, Melikset"]
[Black "Perez Ponsa, Federico"]
[Result "1/2-1/2"]
[WhiteElo "2493"]
[BlackElo "2560"]
[Annotator "TA"]
[PlyCount "83"]
[EventDate "2019.11.10"]
[EventType "tourn"]
[EventCountry "USA"]
[SourceTitle "playchess.com"]
[Source "ChessBase"]
[SourceQuality "1"]

{[%evp 13,83,6,20,13,20,11,20,0,0,0,8,0,0,0,0,0,0,0,0,-10,-12,-10,-6,-12,14,16,20,0,0,0,0,0,14,8,5,-6,-4,-12,0,-2,-1,-1,0,0,-1,-5,-7,0,0,0,0,0,0,0,8,0,0,0,0,0,0,0,0,0,0,0,0,0,0,0,0,0]} 1. e4 c5 2. Nf3 d6 3. Bb5+ Nd7 4. d4 cxd4 5. Qxd4 a6 6. Bxd7+ Bxd7 7. Nc3 e5 {The position is equal.} 8. Qd3 {B51: Sicilian: Moscow Variation (3 Bb5+) without 3...Bd7} Rc8 9. O-O Qc7 10. a4 Be6 {Threatening ...Bc4.} 11. Rd1 Nf6 12. Bg5 $146 ({Predecessor:} 12. Nd2 Be7 13. Nf1 Qc4 14. Ne3 Qxd3 15. Rxd3 Kd7 {½-½ (33) Xiong,J (2656)-Vachier Lagrave,M (2780) Douglas 2018}) 12... Nh5 13. Rac1 h6 {[#] And now ...Bc4 would win.} 14. Be3 Nf6 15. Nd2 Be7 16. Nd5 Bxd5 17. exd5 Ng4 18. c4 Nxe3 19. fxe3 O-O 20. Rf1 Qd7 21. b3 Bg5 22. Ne4 f5 23. Nxg5 hxg5 24. c5 dxc5 25. d6 Qe6 26. Rfd1 Rfd8 27. Qd5 Qxd5 28. Rxd5 $11 {[%mdl 4096] Endgame KRR-KRR} Kf7 {White should prevent ...Ke6.} 29. Rxe5 Kf6 30. Rd5 Rc6 31. g4 g6 32. d7 Ke6 33. Rcd1 b5 34. axb5 axb5 35. e4 fxe4 36. Rxg5 Kf6 37. Rgd5 c4 38. bxc4 bxc4 39. Kf2 c3 {[%cal Bc4c3,Bc3c2][%mdl 32]} 40. Ke3 c2 41. Rc1 Ke6 42. Rd2 {Accuracy: White = 65%, Black = 68%.} 1/2-1/2

[Event "Winter Chess Classic-B 2019"]
[Site "Saint Louis"]
[Date "2019.11.17"]
[Round "8.3"]
[White "Azarov, Sergei"]
[Black "Yoo, Christopher Woojin"]
[Result "1-0"]
[WhiteElo "2586"]
[BlackElo "2449"]
[Annotator "TA"]
[PlyCount "157"]
[EventDate "2019.11.10"]
[EventType "tourn"]
[EventCountry "USA"]
[SourceTitle "playchess.com"]
[Source "ChessBase"]
[SourceQuality "1"]

{[%evp 19,157,39,31,39,37,39,45,27,39,42,33,38,52,31,65,72,62,14,82,68,85,95,108,-15,-14,-6,-16,-10,52,48,61,57,43,55,48,45,57,47,120,139,133,119,144,144,144,137,144,137,235,235,218,220,464,473,557,541,486,198,182,141,207,99,87,87,87,69,85,39,39,39,39,6,6,6,14,0,0,0,0,0,0,0,0,0,11,21,22,0,0,0,0,0,6,0,0,0,0,0,0,0,299,0,114,0,0,0,0,0,0,0,0,0,0,0,0,0,0,0,0,0,0,0,0,0,0,0,0,0,220,644,12845,12845,12847,12847,12849,12849,12849,12850,12850,12850]} 1. e4 Nf6 2. e5 Nd5 3. d4 d6 4. Nf3 g6 5. c4 Nb6 6. exd6 cxd6 7. h3 Bg7 8. Nc3 O-O 9. Be2 Nc6 10. O-O Bf5 11. d5 {B04: Alekhine's Defence: 4 Nf3} (11. Be3 d5 12. c5 Nc4 13. Bc1 b6 14. cxb6 axb6 15. Qb3 e6 16. Bxc4 Na5 17. Qd1 Nxc4 18. Qe2 h5 19. Bg5 f6 20. Bf4 g5 21. Bh2 Qd7 22. b3 Na3 {0-1 (57) Liang,A (2569)-Gareyev,T (2595) Middleton 2018}) 11... Na5 12. Nd4 $1 Naxc4 13. a4 {White is slightly better.} a5 14. Nxf5 gxf5 15. Re1 Qd7 16. Bd3 {[%mdl 1024] White has compensation.} Kh8 $146 ({Predecessor:} 16... Ne5 17. Bb5 Qc7 18. Qh5 e6 {0-1 (64) Adhami,V (2335)-Urday Caceres,H (2430) Thessaloniki 1988}) 17. Qh5 e6 18. Qh4 Rac8 (18... Ne5 $11 19. Bb5 Qc7) 19. Bg5 $1 $16 Rg8 20. Kh1 Rc5 21. Ne2 (21. Bf6 $16 Ne5 22. Bb5) 21... Ne5 $1 $11 {[%cal Re5d3]} (21... Bxb2 $6 22. Rab1 $16) (21... Nxb2 $6 22. dxe6 fxe6 23. Nf4 $14) (21... exd5 $2 22. Nd4 $18) 22. Bb5 Qc7 23. dxe6 fxe6 ({Black should try} 23... Ng6 $11 24. Qh5 fxe6) 24. Nf4 $14 Qf7 25. Qh5 Qxh5 26. Nxh5 Nd5 27. Rad1 Bf8 {[#]} 28. Rxd5 $1 {[%mdl 512]} Rxg5 (28... exd5 $2 {is the wrong capture.} 29. Bf6+ Bg7 30. Nxg7 $18) (28... Rxd5 $14 29. Bf6+ Bg7 $1 {[%mdl 512]}) (28... Rxd5 29. Bf6+) 29. Rxc5 $16 dxc5 30. Nf4 $1 {[%cal Rf4e6]} Bd6 31. Nxe6 Rg8 32. Rd1 Nf7 33. f4 Rg6 (33... Bb8 $16 34. Rd5 (34. Nxc5 Nd6 $16) 34... b6 35. Rxf5 Nd6) 34. Bc4 $18 b6 35. Rd3 Bb8 $2 (35... Rg8 36. Ng5 Nxg5) 36. Rd7 Nd6 37. Bd5 Ne4 {[#] intending ...Nf6.} 38. Rb7 (38. Ng5 $142 $1 {[%mdl 512]} Nxg5 39. Rd8+ {[%mdl 64] Double Attack} (39. fxg5 Rd6 $11) 39... Kg7 40. fxg5 (40. Rxb8 Ne6 $14) 40... Rxg5 41. Rxb8) 38... Bd6 39. Kg1 c4 (39... h5 $16 40. Rf7 (40. Rxb6 Bxf4 41. Ra6 Bd2 $16) 40... c4) 40. Bxc4 (40. Nd8 $1 $18 {[%cal Rd8f7] and White stays clearly on top. Threatening mate with Nf7+.} Bc5+ 41. Kf1) 40... Nc5 $16 41. Rxb6 Bxf4 42. Rc6 Nxe6 43. Bxe6 $14 {[%mdl 4096] Endgame KRB-KRB} Kg7 44. Kf1 h5 45. Rc4 Rxe6 46. Rxf4 $11 {KR-KR} Kg6 47. Rf3 Rb6 48. b3 Rb4 49. Rc3 Kf6 50. Kf2 h4 51. Ke2 Re4+ 52. Kd2 Rb4 53. Rc6+ Kg5 54. Kc3 {aiming for Rc5.} Rb8 55. Rc5 Ra8 56. b4 axb4+ 57. Kxb4 Kf4 58. Rc3 Rb8+ 59. Ka3 {Strongly threatening a5.} Ra8 $2 {[%mdl 8192]} (59... Ke4 $11 {and Black has nothing to worry.}) 60. Rb3 $2 (60. Rf3+ $1 $18 Ke4 61. Rf2) 60... Ke5 (60... Ke4 $11 {keeps the balance.}) 61. Kb4 (61. Re3+ $1 $16 Kd6 62. Re2) 61... Rb8+ $1 62. Kc3 Rg8 63. Rb2 Kf4 64. a5 {Ra2 is the strong threat.} Kg3 65. a6 Ra8 66. Ra2 f4 $1 67. Kd4 {Black must now prevent a7.} f3 68. gxf3 Kxh3 69. Ke3 {Hoping for Kf2.} Kg3 70. Ra4 {Threatens to win with a7.} h3 71. Rg4+ Kh2 72. Rg6 {And now f4 would win.} Rb8 73. f4 Kh1 $2 {[#]} (73... Rb3+ $11 {and Black stays safe.} 74. Ke2 Ra3) 74. a7 $1 $18 {[%cal Ra7b8]} Ra8 {[#]White is clearly winning.} 75. Rg7 $1 h2 76. Kf3 {White wants to mate with Re7.} Rf8 77. Rb7 {[%cal Rb7b1]} Rg8 78. Rb1+ Rg1 79. a8=Q {Accuracy: White = 63%, Black = 66%.} 1-0